000 00538nam a22001697a 4500
003 NUST - PNEC
005 20170116181100.0
008 151002b xxu||||| |||| 00| 0 eng d
020 _a8185617880
040 _cLIBRARY
082 _a658.5 HIT
100 _912304
_aHitomi, Katsundo
245 _aManufacturing systems engineering :
_ba unified approach to manufacturing technology, production management, and industrial economics
_cKatsundo Hitomi
260 _c1996
650 _912306
_aProduction management
_xIME
942 _2ddc
_cBK
999 _c68714
_d68714